00640nam a2200181 a 450000500170000000800410001702000180005805000220007610000220009824500730012026000390019330000230023250000420025552001050029765000140040265000210041665000210043720140412111319.0000818s19uu xx 00 eng d a0-590-47340-9 aTR(PS EbAn1 1972 aMcDermott, Gerald aAnansi the spider :ba tale from the Ashanti /cby Gerald McDermott. aNew York :bScholastic Inc,c1972. a1 v. (unp.) ; ill. aThis book won a Caldecott Honor Award aThis is a tale about how mischievous Anansi and his six brave sons helped place the moon in the sky! aFolktales aSpiders--Fiction aChildren stories